| 000 | 01302nam0a2200337 4500 | ||
|---|---|---|---|
| 001 | RU\NLR\bibl\1680505 | ||
| 005 | 20260406063720.0 | ||
| 010 |
_a978-5-222-17672-6 _97000 |
||
| 021 |
_aRU _b2010-62203 _94078 |
||
| 035 | _a(NLR Aleph) 001671713 | ||
| 090 |
_a1045643 _c1045643 |
||
| 100 | _a20100930d2010 |||y0rusy50 ca | ||
| 101 | 0 | _arus | |
| 102 | _aRU | ||
| 105 | _aa ||||||||| | ||
| 200 | 1 |
_aВода побеждает болезни _eправославные методы водолечения _fотец Вадим |
|
| 205 | _aИзд. 2-е | ||
| 210 |
_aРостов-на-Дону _cФеникс _d2010 |
||
| 215 |
_a223 с. _d21 |
||
| 225 | 1 | _aСерия "Золотой фонд" | |
| 225 | 1 | _aПрактическая магия | |
| 300 | _aНа обл. авт. не указан | ||
| 606 | 1 |
_aГидротерапия _jПопулярные издания _91311566 _3RU\NLR\auth\66227542 |
|
| 606 | 1 |
_a"Святая вода" _jПопулярные издания _xЛечебное применение _92416399 _3RU\NLR\auth\661439345 |
|
| 686 | _aР354.41я9 | ||
| 686 | _aР123.026я9 | ||
| 700 | 1 |
_4070 _8rus _7ca _aСиничкин _bВ. _gВадим _3RU\NLR\auth\7713681 _9123365 |
|
| 801 | 0 |
_aRU _bNLR _c20100930 _gRCR |
|
| 801 | 1 |
_aRU _bNLR _c20100930 |
|
| 942 | _cBOOK | ||
| 980 | _aNB | ||